| 000 | 00361nam a2200145Ia 4500 | ||
|---|---|---|---|
| 008 | 191201s2009 xx 000 0 und d | ||
| 082 |
_a519.519 _bMIM |
||
| 100 | _aMITTAL,PK | ||
| 245 | 0 | _aMathematics and Statistics for Management | |
| 250 | _aRep | ||
| 260 |
_aN.Delhi _bHimalaya Publication House _c2009 |
||
| 300 | _a948 | ||
| 650 | _aMBA | ||
| 942 |
_2ddc _cBK |
||
| 999 |
_c4311 _d4311 |
||